Elements Of Electrical Engineering (Record no. 165274)
[ view plain ]
| 000 -LEADER | |
|---|---|
| fixed length control field | 00493nam a2200193Ia 4500 |
| 008 - FIXED-LENGTH DATA ELEMENTS--GENERAL INFORMATION | |
| fixed length control field | 230612s9999 xx 000 0 und d |
| 041 ## - LANGUAGE CODE | |
| Language code of text/sound track or separate title | eng |
| 082 ## - DEWEY DECIMAL CLASSIFICATION NUMBER | |
| Classification number | 621.37 BHI |
| 100 ## - MAIN ENTRY--PERSONAL NAME | |
| Personal name | Bhide S.D. |
| 245 ## - TITLE STATEMENT | |
| Title | Elements Of Electrical Engineering |
| Remainder of title | Vol I |
| 250 ## - EDITION STATEMENT | |
| Edition statement | 4th ed. |
| 260 ## - PUBLICATION, DISTRIBUTION, ETC. (IMPRINT) | |
| Date of publication, distribution, etc. | 1992 |
| Name of publisher, distributor, etc. | Shree publications |
| 300 ## - PHYSICAL DESCRIPTION | |
| Extent | 452 |
| 365 ## - TRADE PRICE | |
| Currency code | Rs. |
| Price amount | 80.00 |
| 500 ## - GENERAL NOTE | |
| Keywords | W. 2003-04 |
| 700 ## - ADDED ENTRY--PERSONAL NAME | |
| Personal name | Bhide S.D. & Navale M.N. |
| 906 ## - LOCAL DATA ELEMENT F, LDF (RLIN) | |
| d | B:30-Sep-1992 |
| c | ELECT |
| Withdrawn status | Lost status | Damaged status | Not for loan | Home library | Current library | Date acquired | Vendor | Budget Code | Cost, normal purchase price | Bill number | Full call number | Barcode | Date last seen | Cost, replacement price | Bill Date | Koha item type | Original Barcode |
|---|---|---|---|---|---|---|---|---|---|---|---|---|---|---|---|---|---|
| Withdrawn | Cummins College of Engineering for Women Pune | Cummins College of Engineering for Women Pune | 03/10/1992 | Varma Book Distributors | ELECT | 80.00 | 9392 | 621.37 BHI | CCEP-BK-992 | 12/06/2023 | 80.00 | 30/09/1992 | Books | 000992 |